FAMOUS LINES FROM FILIPINO MOVIES - Statistics

General Stats
  • This quiz has been taken 1,556 times
  • The average score is 4 of 10
Answer Stats
Hint Answer % Correct
You're nothing but a second-rate, trying hard copycat! Bituing Walang Ningning
75%
Akala mo lang wala... pero meron! Meron! Meron! Bata, Bata...Paano Ka Ginawa?
60%
I don't deserve to be treated like this. I care about my job, sir. I care about you. Caregiver
55%
Ang mundo ay isang malaking Quiapo. Maraming snatcher, maaagawan ka. Lumaban ka! No Other Woman
51%
Hindi ba't ikaw pa nagsabi sa akin, na baka tayo iniiwan ng mga taong mahal natin, kasi baka merong darating na mas ok. Na mas mamahalin tayo. Yung taong hindi tayo sasaktan at paaasahin. Yung nagiisang tao na magtatama ng mali sa buhay natin, ng lahat ng mali sa buhay mo. One More Chance
50%
I was never your partner. I'm just your wife… kaya di mo ako nirirespeto. Madrasta
49%
I… did not kill… anybody! Flor Contemplacion The Movie
39%
Apir, apir, apir! Hindi na uso yan! Wisik wisik na lang, masdan mo ang beauty ko! Tataas ang kilay mo! Here Comes the Bride
24%
Kapag lumingon ka...akin ka. In The Name Of love
12%
Para kang karinderyang bukas sa lahat ng gustong kumain. Palimos ng Pag-ibig
11%
No matching quizzes found
Score Distribution
Percent of People with Each Score
Percentile by Number Answered
Your Score History
You have not taken this quiz